[Event "2. Bundesliga West 2019/20"]
[Site "Neumarkt"]
[Date "2019.10.05"]
[Round "2"]
[Board "6"]
[White "Kriechbaum, Paul"]
[Black "Wieneroiter, Gerald"]
[Result "0-1"]
[WhiteElo "1805"]
[BlackElo "2147"]
[PlyCount "92"]
[EventDate "2019.10.04"]
[EventType "team"]
[EventRounds "11"]
[EventCountry "AUT"]
[WhiteTeam "Sparkasse Neumarkt"]
[BlackTeam "Royal Salzburg"]

1. c4 c6 2. Nc3 d5 3. cxd5 cxd5 4. d4 Nf6 5. e3 Nc6 6. a3 Bf5 7. Nf3 e6 8. Bd3
Bxd3 9. Qxd3 Bd6 10. O-O O-O 11. b4 Nd7 12. Bb2 Nb6 13. Nd2 Rc8 14. Rac1 Ne7
15. Nb5 a6 16. Nxd6 Qxd6 17. Qb3 Qd7 18. Nf3 f6 19. Nd2 Nf5 20. Rfe1 Rxc1 21.
Rxc1 Nd6 22. f3 Nbc4 23. Nxc4 Nxc4 24. Rc2 b5 25. Bc1 f5 26. Qd3 Qf7 27. f4 Qh5
28. Qe2 Qh4 29. Qf2 Qf6 30. h4 Kh8 31. g3 Rg8 32. Qf3 Qf7 33. Kh2 h6 34. h5 Kh7
35. g4 fxg4 36. Qxg4 g6 37. hxg6+ Rxg6 38. Qh3 h5 39. Rg2 Nd6 40. Bd2 Rxg2+ 41.
Qxg2 Qg6 42. Qxg6+ Kxg6 43. Kg2 Kf5 44. Kf3 Nc4 45. Bc1 h4 46. Kf2 Ke4  0-1

[Event "2. Bundesliga West 2019/20"]
[Site "Neumarkt"]
[Date "2019.10.05"]
[Round "2"]
[Board "1"]
[White "Stajner, Samo"]
[Black "Krivoborodov, Egor"]
[Result "1/2-1/2"]
[WhiteElo "2382"]
[BlackElo "2517"]
[PlyCount "114"]
[EventDate "2019.10.04"]
[EventType "team"]
[EventRounds "11"]
[EventCountry "AUT"]
[WhiteTeam "Schwarzach"]
[BlackTeam "ASK Salzburg"]

1. b3 Nf6 2. Bb2 e6 3. f4 Be7 4. Nf3 b6 5. e3 Bb7 6. Be2 O-O 7. O-O c5 8. a4
Nc6 9. Ne5 d6 10. Ba6 Qc8 11. Bxb7 Qxb7 12. Ng4 Nxg4 13. Qxg4 g6 14. d3 f5 15.
Qf3 Bf6 16. Bxf6 Rxf6 17. Nd2 Rf7 18. Rae1 e5 19. fxe5 dxe5 20. Nc4 Rd8 21. g4
fxg4 22. Qxg4 Qd7 23. Qg2 Rdf8 24. Rxf7 Qxf7 25. Nd6 Qf3 26. Qxf3 Rxf3 27. Kg2
Rf6 28. Ne4 Rf5 29. c3 Kf8 30. Rb1 Ne7 31. Nd6 Rf6 32. Nc4 Nd5 33. Rc1 Ke7 34.
b4 cxb4 35. cxb4 e4 36. dxe4 Nxb4 37. Ne5 Re6 38. Rc4 Rxe5 39. Rxb4 Ke6 40. h4
g5 41. hxg5 Rxg5+ 42. Kf3 h5 43. Kf4 Rg4+ 44. Kf3 Rg5 45. Kf4 Rc5 46. Kg3 Ke5
47. Kf3 h4 48. Rb1 Ke6 49. Rh1 Rh5 50. Kg4 Rh8 51. Rxh4 Rxh4+ 52. Kxh4 Ke5 53.
Kg3 Kxe4 54. Kf2 a6 55. Ke2 b5 56. axb5 axb5 57. Kd2 b4  1/2-1/2

[Event "2. Bundesliga West 2019/20"]
[Site "Neumarkt"]
[Date "2019.10.05"]
[Round "2"]
[Board "2"]
[White "Burschowsky, Matthias"]
[Black "Ruecker, Benjamin"]
[Result "0-1"]
[WhiteElo "2249"]
[BlackElo "2238"]
[PlyCount "86"]
[EventDate "2019.10.04"]
[EventType "team"]
[EventRounds "11"]
[EventCountry "AUT"]
[WhiteTeam "ASK Salzburg"]
[BlackTeam "Schwarzach"]

1. c4 Nf6 2. g3 c5 3. Bg2 d5 4. cxd5 Nxd5 5. Nc3 Nc7 6. Qa4+ Bd7 7. Qb3 Nc6 8.
Qxb7 Nd4 9. Qe4 Qc8 10. Qb1 g6 11. e3 Bc6 12. Bxc6+ Nxc6 13. Qe4 Ne6 14. Nf3
Rb8 15. O-O Bg7 16. b3 Rb4 17. Qd3 O-O 18. Ba3 Rd8 19. Qe2 g5 20. Rac1 g4 21.
Nh4 Ne5 22. f4 gxf3 23. Nxf3 Nd3 24. Rc2 Rg4 25. Nd1 Qb8 26. Nh4 Rxg3+ 27. hxg3
Qxg3+ 28. Qg2 Qxh4 29. Rc4 Qh5 30. Qg4 Qd5 31. Qf5 Ne5 32. Re4 Ng5 33. Ref4 h6
34. d4 e6 35. Qc2 Nh3+ 36. Kh2 Nxf4 37. Rxf4 Ng6 38. Rf2 cxd4 39. Bc1 d3 40.
Qd2 Rc8 41. e4 Qxe4 42. Ne3 Bd4 43. Rg2 Rxc1  0-1

[Event "2. Bundesliga West 2019/20"]
[Site "Neumarkt"]
[Date "2019.10.05"]
[Round "2"]
[Board "3"]
[White "Roeberg, Frank"]
[Black "Besner, Bernhard"]
[Result "1-0"]
[WhiteElo "2194"]
[BlackElo "2155"]
[PlyCount "75"]
[EventDate "2019.10.04"]
[EventType "team"]
[EventRounds "11"]
[EventCountry "AUT"]
[WhiteTeam "Schwarzach"]
[BlackTeam "ASK Salzburg"]

1. e4 d5 2. exd5 Qxd5 3. Nf3 Bg4 4. Be2 Nc6 5. d4 O-O-O 6. c4 Qf5 7. O-O Nxd4
8. Nxd4 Bxe2 9. Qxe2 Rxd4 10. Be3 Rd7 11. c5 Qd3 12. Qf3 Qd5 13. Qf4 e5 14. Qa4
a6 15. Nc3 Qc6 16. Qa5 Nf6 17. b4 Kb8 18. a4 Rd4 19. Ne2 Rg4 20. f3 Nd5 21. b5
Rxg2+ 22. Kxg2 Nxe3+ 23. Kh1 Qxc5 24. Rfc1 Qb6 25. Qd2 Bc5 26. Rab1 Qf6 27. Ng1
Rd8 28. Qe2 Bd4 29. bxa6 b6 30. a5 Rd6 31. a7+ Kxa7 32. Rxc7+ Kb8 33. Rbc1 Nd5
34. Rc8+ Ka7 35. axb6+ Rxb6 36. Qa2+ Ra6 37. Qxd5 Rd6 38. Qa8+  1-0

[Event "2. Bundesliga West 2019/20"]
[Site "Neumarkt"]
[Date "2019.10.05"]
[Round "2"]
[Board "4"]
[White "Scheiblmaier, Robert"]
[Black "Ljubic, Juro"]
[Result "1/2-1/2"]
[WhiteElo "2177"]
[BlackElo "2162"]
[PlyCount "26"]
[EventDate "2019.10.04"]
[EventType "team"]
[EventRounds "11"]
[EventCountry "AUT"]
[WhiteTeam "ASK Salzburg"]
[BlackTeam "Schwarzach"]

1. d4 Nf6 2. c4 e6 3. g3 Bb4+ 4. Nd2 c5 5. a3 Bxd2+ 6. Qxd2 cxd4 7. Nf3 d5 8.
cxd5 e5 9. Bg2 Qxd5 10. Nh4 Qd8 11. Nf3 Qd5 12. Nh4 Qd8 13. Nf3 Qd5  1/2-1/2

[Event "2. Bundesliga West 2019/20"]
[Site "Neumarkt"]
[Date "2019.10.05"]
[Round "2"]
[Board "5"]
[White "Stoeckl, Norbert"]
[Black "Herrmann, Michael"]
[Result "1/2-1/2"]
[WhiteElo "2054"]
[BlackElo "2123"]
[PlyCount "116"]
[EventDate "2019.10.04"]
[EventType "team"]
[EventRounds "11"]
[EventCountry "AUT"]
[WhiteTeam "Schwarzach"]
[BlackTeam "ASK Salzburg"]

1. e4 c6 2. c4 d5 3. cxd5 cxd5 4. exd5 Nf6 5. Qa4+ Nbd7 6. Nc3 a6 7. d4 Rb8 8.
Bf4 b5 9. Qc2 Rb7 10. Rc1 Nb6 11. Nxb5 axb5 12. Qc6+ Nfd7 13. Bxb5 e5 14. Bd2
Be7 15. dxe5 O-O 16. Nf3 Nb8 17. Qc2 Nxd5 18. Bd3 h6 19. a3 Rc7 20. Qb1 Rxc1+
21. Bxc1 Bg4 22. O-O Bxf3 23. gxf3 Bg5 24. Rd1 Bxc1 25. Qxc1 Qh4 26. Bh7+ Kxh7
27. Rxd5 Qg5+ 28. Qxg5 hxg5 29. b4 Nc6 30. Rc5 Nd4 31. Kg2 Ra8 32. Rc4 Ne2 33.
h4 Nf4+ 34. Kg3 Rxa3 35. hxg5 Ng6 36. Re4 Rb3 37. Kg4 Rb2 38. Kg3 Nf8 39. f4
Ne6 40. Rc4 Kg6 41. Kg4 Rxf2 42. b5 Rg2+ 43. Kf3 Rb2 44. Kg4 Rg2+ 45. Kf3 Rg1
46. b6 Kf5 47. Rb4 Nd8 48. b7 Nc6 49. Rc4 Rb1 50. Rxc6 Rb3+ 51. Ke2 Rxb7 52.
Rc4 Rb3 53. Rc7 Kxf4 54. Rxf7+ Kxe5 55. Rxg7 Kf5 56. Kf2 Rh3 57. Rg8 Rh5 58.
Ke3 Rxg5  1/2-1/2

[Event "2. Bundesliga West 2019/20"]
[Site "Neumarkt"]
[Date "2019.10.05"]
[Round "2"]
[Board "6"]
[White "Flatz, Helmut"]
[Black "Hasanovic, Nurija"]
[Result "1/2-1/2"]
[WhiteElo "1877"]
[BlackElo "2018"]
[PlyCount "149"]
[EventDate "2019.10.04"]
[EventType "team"]
[EventRounds "11"]
[EventCountry "AUT"]
[WhiteTeam "ASK Salzburg"]
[BlackTeam "Schwarzach"]

1. c4 Nf6 2. Nc3 e5 3. d3 Bc5 4. Nf3 Nc6 5. e3 d5 6. cxd5 Nxd5 7. Be2 Be6 8.
O-O h6 9. Nxe5 Nxe5 10. d4 Nxc3 11. bxc3 Bd6 12. dxe5 Bxe5 13. Bb2 Qf6 14. Qc2
O-O 15. f4 Bd6 16. c4 Qe7 17. e4 Bc5+ 18. Kh1 f6 19. e5 f5 20. Rf3 Rad8 21. a4
Rd7 22. Rd1 Rfd8 23. Rfd3 Rxd3 24. Rxd3 Rxd3 25. Bxd3 Qd7 26. h3 Be3 27. g3
Qc6+ 28. Kh2 g6 29. Qe2 Qc5 30. Qd1 h5 31. Be2 Qe7 32. Qd3 Bb6 33. Ba3 Qe8 34.
c5 Ba5 35. Bd1 Qf7 36. Qd8+ Kg7 37. Bf3 Qd7 38. Qf6+ Kh7 39. c6 bxc6 40. Bf8 c5
41. Bxc5 Bb6 42. Qe7+ Qxe7 43. Bxe7 c5 44. Bd1 c4 45. Bb4 Be3 46. Kg2 Bd5+ 47.
Bf3 Be6 48. Kf1 Bd4 49. Ke2 Kg7 50. Bc6 Kf7 51. Bd6 Bc3 52. Bb5 Bd5 53. Bd7 a5
54. Ke3 Bb4 55. Kd4 c3 56. Kxd5 Bxd6 57. Kxd6 c2 58. e6+ Kf6 59. e7 c1=Q 60.
e8=Q Qa3+ 61. Kc6 Qxa4+ 62. Kb6 Qb4+ 63. Bb5 a4 64. Qe5+ Kf7 65. Ka6 a3 66.
Qd5+ Kg7 67. Bc4 Qa4+ 68. Kb6 Qb4+ 69. Kc7 Kh6 70. Kd7 h4 71. gxh4 a2 72. Bxa2
Qxf4 73. Qg8 Qxh4 74. Qh8+ Kg5 75. Qd8+  1/2-1/2

[Event "2. Bundesliga West 2019/20"]
[Site "Jenbach"]
[Date "2019.10.06"]
[Round "3"]
[Board "3"]
[White "Rotstein, Arkadij"]
[Black "Pali, Philipp"]
[Result "1-0"]
[WhiteElo "2469"]
[BlackElo "2249"]
[PlyCount "47"]
[EventDate "2019.10.04"]
[EventType "team"]
[EventRounds "11"]
[EventCountry "AUT"]
[WhiteTeam "Absam"]
[BlackTeam "Jenbach 2"]

1. Nf3 Nf6 2. d4 d5 3. c4 e6 4. e3 Bb4+ 5. Nbd2 O-O 6. a3 Be7 7. b3 b6 8. Bb2
Bb7 9. Bd3 Nbd7 10. Rc1 Bd6 11. O-O Qe7 12. b4 c5 13. cxd5 exd5 14. bxc5 bxc5
15. dxc5 Nxc5 16. Be2 Rac8 17. Nd4 Bb8 18. Nf5 Qe6 19. Bg4 Nxg4 20. Qxg4 Be5
21. Bxe5 Qxe5 22. Qg5 Rfe8 23. Nf3 Ne4 24. Nh6+  1-0

[Event "2. Bundesliga West 2019/20"]
[Site "Jenbach"]
[Date "2019.10.06"]
[Round "3"]
[Board "4"]
[White "Binder, Moriz"]
[Black "Wegerle, Joerg"]
[Result "1/2-1/2"]
[WhiteElo "2197"]
[BlackElo "2395"]
[PlyCount "24"]
[EventDate "2019.10.04"]
[EventType "team"]
[EventRounds "11"]
[EventCountry "AUT"]
[WhiteTeam "Jenbach 2"]
[BlackTeam "Absam"]

1. d4 Nf6 2. c4 e6 3. Nf3 d5 4. g3 Bb4+ 5. Bd2 Be7 6. Bg2 O-O 7. O-O Nbd7 8.
Qc2 c6 9. Bf4 Nh5 10. Bd2 Nhf6 11. Bf4 Nh5 12. Bd2 Nhf6  1/2-1/2

[Event "2. Bundesliga West 2019/20"]
[Site "Jenbach"]
[Date "2019.10.06"]
[Round "3"]
[Board "5"]
[White "Deglmann, Ludwig"]
[Black "Micheli, Carlo"]
[Result "1-0"]
[WhiteElo "2258"]
[BlackElo "2212"]
[PlyCount "47"]
[EventDate "2019.10.04"]
[EventType "team"]
[EventRounds "11"]
[EventCountry "AUT"]
[WhiteTeam "Absam"]
[BlackTeam "Jenbach 2"]

1. e4 c5 2. d3 Nc6 3. f4 g6 4. Nf3 Bg7 5. Be2 d5 6. O-O e6 7. c3 Nge7 8. Na3 b6
9. e5 d4 10. Ng5 dxc3 11. bxc3 Nd5 12. Nb5 O-O 13. c4 Nde7 14. Bb2 Nf5 15. Bf3
Bd7 16. Qe1 a6 17. g4 Nfe7 18. Nd6 Ra7 19. Qh4 h6 20. Nge4 g5 21. Qh5 Ng6 22.
Nf6+ Kh8 23. Nxf7+ Rxf7 24. Qxg6  1-0

[Event "2. Bundesliga West 2019/20"]
[Site "Jenbach"]
[Date "2019.10.06"]
[Round "3"]
[Board "6"]
[White "Lederwasch, Bernhard"]
[Black "De Francesco, Klaus"]
[Result "1/2-1/2"]
[WhiteElo "2166"]
[BlackElo "2276"]
[PlyCount "87"]
[EventDate "2019.10.04"]
[EventType "team"]
[EventRounds "11"]
[EventCountry "AUT"]
[WhiteTeam "Jenbach 2"]
[BlackTeam "Absam"]

1. e4 e6 2. d4 d5 3. Nc3 h6 4. a3 Nf6 5. e5 Nfd7 6. f4 c5 7. Nf3 Be7 8. dxc5
Nxc5 9. Nb5 O-O 10. Be3 Nc6 11. Nbd4 Bd7 12. b4 Ne4 13. Bd3 a5 14. b5 Nxd4 15.
Bxd4 Rc8 16. c4 Bc5 17. cxd5 exd5 18. Bxc5 Rxc5 19. Bxe4 dxe4 20. Qd4 exf3 21.
Qxc5 fxg2 22. Rg1 Bh3 23. Rd1 Qh4+ 24. Qf2 Qh5 25. Qe2 Qf5 26. Qd3 Qe6 27. Kf2
Rc8 28. Rd2 Rc4 29. Qe3 Qf5 30. Rd4 Rc2+ 31. Rd2 Rxd2+ 32. Qxd2 g5 33. Qd8+ Kh7
34. Qd4 Qc2+ 35. Kf3 Qb3+ 36. Qe3 Qxb5 37. fxg5 hxg5 38. Qxg5 Qf1+ 39. Kg3 Qxg1
40. Qh4+ Kg7 41. Qf6+ Kg8 42. Qg5+ Kf8 43. Qd8+ Kg7 44. Qg5+  1/2-1/2

[Event "2. Bundesliga West 2019/20"]
[Site "Jenbach"]
[Date "2019.10.06"]
[Round "3"]
[Board "1"]
[White "Moroder, Stefan"]
[Black "Barp, Alberto"]
[Result "1/2-1/2"]
[WhiteElo "2255"]
[BlackElo "2396"]
[PlyCount "127"]
[EventDate "2019.10.04"]
[EventType "team"]
[EventRounds "11"]
[EventCountry "AUT"]
[WhiteTeam "Rochade/Rum"]
[BlackTeam "Kufstein/Woergl"]

1. e4 e5 2. Nf3 Nc6 3. d4 exd4 4. Nxd4 Bc5 5. Nb3 Bb6 6. Nc3 Nf6 7. Qe2 d6 8.
Bg5 h6 9. Bh4 g5 10. Bg3 Qe7 11. O-O-O Be6 12. Nd5 Bxd5 13. exd5 Qxe2 14. Bxe2
Ne7 15. Bb5+ Kf8 16. Rhe1 Nexd5 17. c4 Nf4 18. c5 dxc5 19. Bc4 Kg7 20. Re7 Rhf8
21. Bxf4 gxf4 22. a4 a5 23. f3 Rae8 24. Rde1 Rd8 25. Nd2 Rd4 26. b3 Nd7 27.
R1e4 Nb8 28. Bb5 Rxe4 29. Nxe4 c4 30. Bxc4 Nc6 31. Rd7 Ne5 32. Re7 Nc6 33. Rd7
Kg6 34. Nc3 Ne5 35. Re7 Nxc4 36. bxc4 Rd8 37. Nd5 Be3+ 38. Kc2 c6 39. Nxe3 fxe3
40. Rxe3 Rd4 41. Kc3 Rd1 42. Re7 Rb1 43. Rc7 Rb4 44. g3 f6 45. Kd4 b5 46. Rxc6
Rxa4 47. Kd5 bxc4 48. Rxc4 Ra2 49. Rg4+ Kf7 50. Rh4 Rd2+ 51. Kc4 Kg6 52. Rg4+
Kh7 53. Rh4 Rf2 54. Kb5 Rxf3 55. Kxa5 Rb3 56. Ka4 Rb6 57. Rb4 Rxb4+ 58. Kxb4
Kg6 59. Kc4 Kf5 60. Kd5 Kg4 61. Ke6 f5 62. Kf6 h5 63. Kg6 h4 64. gxh4  1/2-1/2

[Event "2. Bundesliga West 2019/20"]
[Site "Jenbach"]
[Date "2019.10.06"]
[Round "3"]
[Board "2"]
[White "Seresin, Francesco"]
[Black "Kondrak, Christoph"]
[Result "1-0"]
[WhiteElo "2362"]
[BlackElo "2085"]
[PlyCount "139"]
[EventDate "2019.10.04"]
[EventType "team"]
[EventRounds "11"]
[EventCountry "AUT"]
[WhiteTeam "Kufstein/Woergl"]
[BlackTeam "Rochade/Rum"]

1. d4 d5 2. c4 e6 3. Nc3 c6 4. Nf3 dxc4 5. a4 Bb4 6. e4 Nf6 7. Qc2 b5 8. Be2
Bxc3+ 9. bxc3 O-O 10. e5 Nd5 11. Ng5 g6 12. Ne4 Nd7 13. O-O a5 14. Bg5 f6 15.
exf6 N7xf6 16. Bf3 Ra7 17. Nxf6+ Nxf6 18. Bxc6 Bb7 19. axb5 Bxc6 20. bxc6 Qd5
21. Bxf6 Rxf6 22. Qb2 Rff7 23. Qb6 Rfc7 24. Rfe1 Kf7 25. Qb8 Kg7 26. Re5 Qxc6
27. Rexa5 Rab7 28. Qd8 Qe4 29. h4 Rf7 30. Qg5 Rb2 31. Rf1 Rbxf2 32. Rxf2 Qe1+
33. Kh2 Qxf2 34. Qe5+ Kh6 35. Qg5+ Kg7 36. h5 Qf4+ 37. Qxf4 Rxf4 38. Kg3 Rf5
39. Ra7+ Kf6 40. Rxh7 gxh5 41. Rc7 Rg5+ 42. Kh3 h4 43. Rxc4 Rg3+ 44. Kh2 Rd3
45. Rc5 Ke7 46. Kg1 Kf6 47. Kf2 Kf7 48. Rh5 Rxc3 49. Rxh4 Kf6 50. Rf4+ Kg6 51.
Re4 Kf6 52. Re3 Rc2+ 53. Kf3 Rc4 54. Re4 Ra4 55. g3 Ra5 56. Rf4+ Ke7 57. Kg4
Rd5 58. Kh4 e5 59. dxe5 Rxe5 60. g4 Ke8 61. g5 Ke7 62. Kh5 Re1 63. Kh6 Rg1 64.
g6 Rh1+ 65. Kg7 Ke6 66. Rf2 Rh3 67. Kg8 Rg3 68. g7 Ke7 69. Re2+ Kf6 70. Kf8  1-0

[Event "2. Bundesliga West 2019/20"]
[Site "Jenbach"]
[Date "2019.10.06"]
[Round "3"]
[Board "4"]
[White "Koepke, Elena"]
[Black "Berchtold, Clemens"]
[Result "1/2-1/2"]
[WhiteElo "2323"]
[BlackElo "2050"]
[PlyCount "63"]
[EventDate "2019.10.04"]
[EventType "team"]
[EventRounds "11"]
[EventCountry "AUT"]
[WhiteTeam "Kufstein/Woergl"]
[BlackTeam "Rochade/Rum"]

1. e4 d6 2. d4 Nf6 3. Nc3 e5 4. Nf3 Nbd7 5. Bc4 Be7 6. O-O O-O 7. Re1 c6 8. a4
a5 9. h3 exd4 10. Nxd4 Nc5 11. Bf4 Qb6 12. Nb3 Be6 13. Bxe6 Nxe6 14. Be3 Qc7
15. f4 Rfd8 16. Qf3 Nd7 17. Qf2 Re8 18. Rad1 Bf8 19. Rd2 Nec5 20. Nxc5 dxc5 21.
Red1 Rad8 22. e5 f6 23. exf6 Nxf6 24. Rxd8 Rxd8 25. Rxd8 Qxd8 26. Bxc5 Bxc5 27.
Qxc5 Qd2 28. Qc4+ Kf8 29. Qc5+ Kg8 30. Qc4+ Kf8 31. Qc5+ Kg8 32. Qc4+  1/2-1/2

[Event "2. Bundesliga West 2019/20"]
[Site "Jenbach"]
[Date "2019.10.06"]
[Round "3"]
[Board "5"]
[White "Muehlbacher, Bernhard"]
[Black "Neuschmied, Siegfried"]
[Result "1/2-1/2"]
[WhiteElo "2048"]
[BlackElo "2268"]
[PlyCount "90"]
[EventDate "2019.10.04"]
[EventType "team"]
[EventRounds "11"]
[EventCountry "AUT"]
[WhiteTeam "Rochade/Rum"]
[BlackTeam "Kufstein/Woergl"]

1. c4 e5 2. g3 Nc6 3. Bg2 d6 4. Nc3 Be6 5. d3 Qd7 6. h4 h6 7. e3 g6 8. Nge2 Bg7
9. b3 Nf6 10. Nd5 O-O 11. Bb2 Nh5 12. Qd2 Nd8 13. e4 c6 14. Ne3 f5 15. exf5
gxf5 16. f4 exf4 17. gxf4 d5 18. O-O-O Rc8 19. Kb1 d4 20. Nc2 c5 21. Bf3 Nf6
22. Rhe1 Nc6 23. Ng3 Bf7 24. Qg2 h5 25. Re2 Kh7 26. Rde1 Rce8 27. Rxe8 Bxe8 28.
Qe2 Kh6 29. Qe6 Bg6 30. Ba3 Re8 31. Qxd7 Rxe1+ 32. Nxe1 Nxd7 33. Bd5 Nd8 34.
Nf3 Bf8 35. Ng5 Bd6 36. Bc1 Nf8 37. Kc2 Kg7 38. Bf3 Nfe6 39. Nh3 Kh6 40. Bd2 b6
41. Bd5 Kg7 42. Bf3 Be7 43. Ng5 Bd6 44. Nh3 Be7 45. Ng5 Bd6  1/2-1/2

[Event "2. Bundesliga West 2019/20"]
[Site "Wolfurt"]
[Date "2019.10.06"]
[Round "3"]
[Board "1"]
[White "Srienz, Christian"]
[Black "Breder, Dennis"]
[Result "1/2-1/2"]
[WhiteElo "2177"]
[BlackElo "2464"]
[PlyCount "93"]
[EventDate "2019.10.04"]
[EventType "team"]
[EventRounds "11"]
[EventCountry "AUT"]
[WhiteTeam "SK Hoerbranz"]
[BlackTeam "Hohenems II"]

1. c4 e6 2. Nc3 b6 3. d4 Bb4 4. Qc2 Bb7 5. a3 Bxc3+ 6. Qxc3 Nf6 7. Bg5 h6 8.
Bh4 g5 9. Bg3 Ne4 10. Qc2 h5 11. f3 h4 12. Be5 f6 13. Bf4 gxf4 14. fxe4 e5 15.
d5 Qe7 16. e3 fxe3 17. Be2 a5 18. O-O-O Na6 19. Rd3 Nc5 20. Rxe3 f5 21. exf5
Qg5 22. Qd2 Qxf5 23. Nf3 a4 24. Nxe5 O-O-O 25. Rf1 Nb3+ 26. Rxb3 Qxe5 27. Rh3
Rde8 28. Bd3 b5 29. Qf4 bxc4 30. Qxe5 Rxe5 31. Rxh4 Rg8 32. Rg4 Bxd5 33. Rxg8+
Bxg8 34. Rf8+ Kb7 35. Rxg8 cxd3 36. Kd2 Re2+ 37. Kxd3 Rxb2 38. h4 Rb3+ 39. Kc2
Rxa3 40. h5 Ra1 41. g4 Rh1 42. Rh8 Rg1 43. Rg8 Rg2+ 44. Kd1 Rh2 45. Rh8 Rg2 46.
Rg8 Rh2 47. Rh8  1/2-1/2

[Event "2. Bundesliga West 2019/20"]
[Site "Wolfurt"]
[Date "2019.10.06"]
[Round "3"]
[Board "2"]
[White "Berchtenbreiter, Maximilian"]
[Black "Schmidlechner, Alexander"]
[Result "1-0"]
[WhiteElo "2467"]
[BlackElo "2152"]
[PlyCount "83"]
[EventDate "2019.10.04"]
[EventType "team"]
[EventRounds "11"]
[EventCountry "AUT"]
[WhiteTeam "Hohenems II"]
[BlackTeam "SK Hoerbranz"]

1. e4 c5 2. Nf3 g6 3. c3 Bg7 4. d4 cxd4 5. cxd4 d5 6. e5 Bg4 7. Bb5+ Nd7 8. O-O
a6 9. Bd3 e6 10. Nbd2 Ne7 11. h3 Bxf3 12. Nxf3 Nc6 13. Re1 O-O 14. Bf1 Rc8 15.
h4 Nb4 16. Re2 h6 17. Bf4 Qb6 18. g3 Rc7 19. Re3 Qa7 20. Qd2 Nc6 21. Rc3 Kh7
22. Rd1 Rfc8 23. h5 Ne7 24. hxg6+ fxg6 25. Rxc7 Rxc7 26. Bd3 Qb8 27. Kg2 Qf8
28. Rh1 Rc6 29. g4 Kg8 30. Bxh6 Bxh6 31. Rxh6 Qg7 32. Qg5 Nf8 33. Nh4 Nh7 34.
Qd2 Nf8 35. Nf3 Qf7 36. Ng5 Qg7 37. Rh3 Rc7 38. Rf3 Rc6 39. Rf6 Rb6 40. Qf4 Qh6
41. Rf7 Nc8 42. Qf6  1-0

[Event "2. Bundesliga West 2019/20"]
[Site "Wolfurt"]
[Date "2019.10.06"]
[Round "3"]
[Board "3"]
[White "Engelhart, Achim"]
[Black "Atlas, Dmitry"]
[Result "1/2-1/2"]
[WhiteElo "2055"]
[BlackElo "2221"]
[PlyCount "59"]
[EventDate "2019.10.04"]
[EventType "team"]
[EventRounds "11"]
[EventCountry "AUT"]
[WhiteTeam "SK Hoerbranz"]
[BlackTeam "Hohenems II"]

1. e4 e6 2. d4 d5 3. Nd2 Nf6 4. e5 Nfd7 5. c3 c5 6. Bd3 Nc6 7. Ne2 cxd4 8. cxd4
f6 9. exf6 Nxf6 10. Nf3 Bd6 11. O-O Qc7 12. Nc3 a6 13. Bd2 O-O 14. Rc1 g6 15.
Na4 Nh5 16. Bh6 Rf7 17. Re1 Bf4 18. Bxf4 Nxf4 19. Bb1 Qd8 20. Nc5 Qf6 21. Re3
h6 22. Qd2 g5 23. Ne5 Nxe5 24. Rxe5 b6 25. Na4 Qd8 26. Nc3 Bd7 27. Ne2 Qf6 28.
Nxf4 Qxf4 29. Re2 Raf8 30. Qxf4  1/2-1/2

[Event "2. Bundesliga West 2019/20"]
[Site "Wolfurt"]
[Date "2019.10.06"]
[Round "3"]
[Board "4"]
[White "Novkovic, Julia"]
[Black "Mittelberger, Peter"]
[Result "0-1"]
[WhiteElo "2146"]
[BlackElo "2174"]
[PlyCount "120"]
[EventDate "2019.10.04"]
[EventType "team"]
[EventRounds "11"]
[EventCountry "AUT"]
[WhiteTeam "Hohenems II"]
[BlackTeam "SK Hoerbranz"]

1. e4 g6 2. d4 Bg7 3. Nc3 d6 4. Be3 a6 5. Qd2 b5 6. f3 Nd7 7. h4 h5 8. Nh3 Bb7
9. Ng5 c5 10. a4 b4 11. Bc4 e6 12. Nd1 Qe7 13. Nf2 Ngf6 14. O-O O-O 15. a5 d5
16. exd5 Bxd5 17. Be2 c4 18. Nfh3 Rfc8 19. c3 Rab8 20. cxb4 Qxb4 21. Qxb4 Rxb4
22. Rfc1 Rxb2 23. Nf4 Ne8 24. Ne4 Rb3 25. Nc3 Ndf6 26. Bd1 Rbb8 27. Na4 Nd7 28.
Nc3 Nc7 29. Ba4 Rd8 30. Nfe2 e5 31. Bf2 exd4 32. Bxd4 Ne5 33. Nxd5 Nxd5 34. f4
Nd3 35. Rxc4 N5xf4 36. Nxf4 Bxd4+ 37. Rxd4 Rxd4 38. Ne2 Rxh4 39. Bc6 Rb2 40.
Ng3 Rc4 41. Bf3 Rc1+ 42. Rxc1 Nxc1 43. Ne4 Ra2 44. Nf6+ Kg7 45. Ne8+ Kf8 46.
Nc7 Rxa5 47. Bb7 Ne2+ 48. Kf2 Nf4 49. Nxa6 Nd3+ 50. Ke3 Nc5 51. Nxc5 Rxc5 52.
Kf4 Rf5+ 53. Kg3 Rb5 54. Bc6 Rb4 55. Kh3 Ke7 56. Kg3 f5 57. Kh3 Kf6 58. Kg3 h4+
59. Kh3 g5 60. Bd7 Rb3+  0-1

[Event "2. Bundesliga West 2019/20"]
[Site "Wolfurt"]
[Date "2019.10.06"]
[Round "3"]
[Board "5"]
[White "Weidel, Albrecht"]
[Black "Uhlmann, David"]
[Result "1-0"]
[WhiteElo "2136"]
[BlackElo "2139"]
[PlyCount "91"]
[EventDate "2019.10.04"]
[EventType "team"]
[EventRounds "11"]
[EventCountry "AUT"]
[WhiteTeam "SK Hoerbranz"]
[BlackTeam "Hohenems II"]

1. d4 Nf6 2. c4 c5 3. d5 a6 4. Nf3 b5 5. Qc2 d6 6. e4 bxc4 7. Bxc4 g6 8. O-O
Bg7 9. h3 O-O 10. Nc3 Nbd7 11. Bf4 Nb6 12. Be2 Nh5 13. Be3 f5 14. exf5 Bxf5 15.
Qd2 Nf6 16. Ng5 Qe8 17. g4 Bd7 18. f4 Na4 19. Nxa4 Bxa4 20. Bf3 Bd7 21. Rab1
Rb8 22. b4 cxb4 23. Rxb4 Rxb4 24. Qxb4 Qa8 25. Ne6 Rb8 26. Qd2 Bh8 27. Bd4 Bxe6
28. dxe6 d5 29. f5 gxf5 30. gxf5 Bg7 31. Kh1 Kh8 32. Rg1 Rg8 33. Qg5 Qf8 34.
Qh4 Ne4 35. Rxg7 Rxg7 36. Bxe4 dxe4 37. Qxe4 Qc8 38. Qg4 Qc1+ 39. Kg2 Qd2+ 40.
Kf1 Qc1+ 41. Ke2 Qc2+ 42. Ke3 Qc1+ 43. Ke4 Qc2+ 44. Kd5 Qxa2+ 45. Kc6 Qc4+ 46.
Kb7  1-0

[Event "2. Bundesliga West 2019/20"]
[Site "Wolfurt"]
[Date "2019.10.06"]
[Round "3"]
[Board "6"]
[White "Lins, Philipp"]
[Black "Goetz, Siegmar"]
[Result "1-0"]
[WhiteElo "2130"]
[BlackElo "2063"]
[PlyCount "35"]
[EventDate "2019.10.04"]
[EventType "team"]
[EventRounds "11"]
[EventCountry "AUT"]
[WhiteTeam "Hohenems II"]
[BlackTeam "SK Hoerbranz"]

1. Nf3 d5 2. c4 dxc4 3. e3 Nf6 4. Bxc4 e6 5. O-O Be7 6. d4 O-O 7. Nc3 b6 8. Qe2
Bb7 9. a3 Nbd7 10. e4 Re8 11. Rd1 c6 12. e5 Nd5 13. Ne4 c5 14. Bg5 Bxg5 15.
Nfxg5 f5 16. Qh5 fxe4 17. Qxh7+ Kf8 18. Qh8+  1-0

[Event "2. Bundesliga West 2019/20"]
[Site "Wolfurt"]
[Date "2019.10.06"]
[Round "3"]
[Board "1"]
[White "Bilchinski, Anton"]
[Black "Hoefelsauer, Thomas"]
[Result "1/2-1/2"]
[WhiteElo "2237"]
[BlackElo "2365"]
[PlyCount "61"]
[EventDate "2019.10.04"]
[EventType "team"]
[EventRounds "11"]
[EventCountry "AUT"]
[WhiteTeam "Pradl"]
[BlackTeam "Wolfurt"]

1. d4 d5 2. c4 c6 3. Nf3 Nf6 4. e3 Bf5 5. Nc3 e6 6. Bd3 Bxd3 7. Qxd3 Be7 8. O-O
O-O 9. b3 Nbd7 10. Bb2 Bb4 11. a3 Bxc3 12. Bxc3 Ne4 13. Bb2 Qa5 14. b4 Qa6 15.
Rfc1 Nd6 16. b5 cxb5 17. cxb5 Qb6 18. a4 Rfc8 19. Bc3 Rc7 20. Rcb1 Rcc8 21. Bb4
Ne4 22. Ne1 Qc7 23. f3 Nd6 24. Rc1 Nc4 25. Nc2 Qd8 26. Be1 Qe7 27. Rab1 Qd8 28.
Qb3 Nd6 29. Bb4 Nb6 30. Bxd6 Qxd6 31. Na3  1/2-1/2